000 01323nam a2200349Ia 4500
001 ebr10686675
003 CaPaEBR
006 m u
007 cr cn|||||||||
008 021019s2003 enkab sb 001 0 eng d
020 _z0198526407
020 _z0198526415
020 _z9780191545856
020 _z9780198526407
040 _aCaPaEBR
_cCaPaEBR
035 _a(OCoLC)842892352
050 1 4 _aQH84
_b.G47 2003eb
082 0 4 _a577
_223
100 1 _aGaston, Kevin J.
245 1 4 _aThe structure and dynamics of geographic ranges
_h[electronic resource] /
_cKevin J. Gaston.
260 _aOxford ;
_aNew York :
_bOxford University Press,
_c2003.
300 _ax, 266 p. :
_bill., maps.
490 1 _aOxford series in ecology and evolution
504 _aIncludes bibliographical references (p. [195]-257) and index.
533 _aElectronic reproduction.
_bPalo Alto, Calif. :
_cebrary,
_d2013.
_nAvailable via World Wide Web.
_nAccess may be limited to ebrary affiliated libraries.
650 0 _aBiogeography.
650 0 _aNatural history.
655 7 _aElectronic books.
_2local
710 2 _aebrary, Inc.
830 0 _aOxford series in ecology and evolution.
856 4 0 _uhttp://site.ebrary.com/lib/rucke/Doc?id=10686675
_zAn electronic book accessible through the World Wide Web; click to view
999 _c29566
_d29566